000 00599nam a2200241Ia 4500
003 OSt
005 20220912145431.0
006 a|||||r|||| 00| 0
007 ta
008 220909b |||||||| |||| 00| 0 eng d
024 _a66555
037 _cTextual
040 _aCSL
_beng
_cCSL
041 _aeng
082 _aL7:4:691z7, F0
100 _aJelliffe S E
245 0 _aPsychoanalysis in the treatement of nervous dieases
260 _c1920
300 _ap.
_ccm.
650 _aMedicine
942 _hL7:4:691z7, F0
_cTEXL
_2CC
999 _c31767
_d31767